000 03371cam a22012254i 4500
003 PE-LiUPU
005 20250813185429.0
008 190313s2018 sp a rb 000 0 spa d
020 _a8433029541
020 _a9788433029546
035 _a(Sirsi) a251948
040 _aPE-LiUPU
_bspa
_cPE-LiUPU
_erda
049 _aPRUA
082 0 4 _a361.750983
_bC32
_220
100 1 _aCastayer Mayer-Spiess, Olga,
_eautor.
245 1 0 _aQuiero aprender... a quererme con asertividad /
_cOlga Castanyer Mayer-Spiess.
264 1 _aEspaña :
_bDesclée de brouwer,
_c2018.
300 _a92 páginas :
_bilustraciones ;
_c21 centímetros.
336 _atext
_2rdacontent
337 _aunmediated
_2rdamedia
338 _avolume
_2rdacarrier
490 0 _aCrecimiento personal colección srendipit ;
_v210
504 _aBibliografía: páginas 91.
505 0 _aConversación con la autora -- Nos ponemos en situación -- Reconocer a la asertividad -- Las diversas formas de comportamiento asertivo y no asertivo -- Nuestro manual de instrucciones interno -- Las estrategias de supervivencia -- La relación entre cómo nos tratamos y cómo tratamos a los demás -- Herramientas para ser asertivos con uno mismo y con los demás -- ¿Me respeto? -- ¿Me hago respetar? -- ¿Respeto a los demás? -- Los cuatro pasos para el cambio -- Primer paso: motivación -- Segundo paso: observar -- Cuarto paso: implementar.
526 _aP202
526 _aP201
526 _aP163
526 _aP162
526 _aP161
526 _aP160
526 _aP148
526 _aP147
526 _aP146
526 _aP145
526 _aP144
526 _aP143
526 _aP142
526 _aP141
526 _aP140
526 _aP139
526 _aP138
526 _aP137
526 _aP136
526 _aP135
526 _aP134
526 _aP133
526 _aP129
526 _aP128
526 _aP127
526 _aP120
526 _aP119
526 _aP118
526 _aP116
526 _aP115
526 _aP114
526 _aP110
526 _aP109
526 _aP108
526 _aP104
526 _aP103
526 _aP102
526 _aP99
526 _aP98
526 _aP97
526 _aP96
526 _aP95
526 _aP93
526 _aP90
526 _aP89
526 _aP88
526 _aP83
526 _aP82
526 _aP62
526 _aP59
526 _aP58
526 _aP57
526 _aP51
526 _aP49
526 _aP48
526 _aP47
526 _aP29
526 _aP24
526 _aP20
526 _aP19
526 _aP17
526 _aP15
526 _aP14
526 _aP12
526 _aP10
526 _aP09
526 _aP08
526 _aP07
526 _aP06
526 _aP05
526 _aP04
526 _aP01
541 _gF002-00000786;
650 0 4 _aAsertividad.
650 0 4 _aAutoestima.
910 _adbm
_bjpc
_cjpc
_d20190313
942 _2ddc
_cBOOK
994 _aC0
_bPEPRU
596 _a1
999 _a361.750983 C32
_wDEWEY
_c31210
_i79917
_d31210
_f2021-11-5
_g3
_lCCODEBUL1
_mBUL
_p16.00
_q1
_r0
_sY
_tBOOK
_u2019-3-13
_xBIBLIOTECA
_PP33
_0COMPRA
_1FCOMPR2
_o.STAFF. Colección Ciencias de la Salud
980 _81
_gALBERTO SANCHEZ Responsable de Automatización